000 00459nam a2200193Ia 4500
008 240510s9999 xx 000 0 und d
020 _a003018391X
041 _aEng
082 _a658.403
082 _bT68
100 _aTRUEMAN,R.E.
245 3 _aAn Introduction to Quantitative Methodas for Decision Making
250 _a2nd ed.
260 _bUSA,Hotl,Rinehart and Winston
260 _c1977
300 _a714 p.
942 _2ddc
942 _cLBK
999 _c28962
_d28962
945 _a1
_bMadushi Gamage
_c1
_dMadushi Gamage